000 00369pab a2200145 454500
008 180718b2001 xxu||||| |||| 00| 0 eng d
100 _aSrinivasan, T.N.
245 _aComment on "Counting the world's poor," by Angus Deaton
260 _c2001
300 _ap.157-68
362 _aFeb
650 _aPoverty
773 _aWorld Bank Research Observer
909 _a51036
999 _c51036
_d51036